BIBLIOTECA

SENCICO

Cooperativas para incapacitados: su organización y desarrollo (Registro nro. 3157)

Detalles MARC
000 -LEADER
fixed length control field 00466nam a2200181Ia 4500
005 - DATE AND TIME OF LATEST TRANSACTION
control field 20251020182605.0
008 - FIXED-LENGTH DATA ELEMENTS--GENERAL INFORMATION
fixed length control field 200515s9999 xx 000 0 und d
082 ## - DEWEY DECIMAL CLASSIFICATION NUMBER
Classification number SC/362.4(042)/036
110 ## - MAIN ENTRY--CORPORATE NAME
Corporate name or jurisdiction name as entry element Oficina Internacional del Trabajo
245 #0 - TITLE STATEMENT
Title Cooperativas para incapacitados: su organización y desarrollo
260 ## - PUBLICATION, DISTRIBUTION, ETC.
Place of publication, distribution, etc. Ginebra
260 ## - PUBLICATION, DISTRIBUTION, ETC.
Date of publication, distribution, etc. 1983
300 ## - PHYSICAL DESCRIPTION
Extent 175
650 ## - SUBJECT ADDED ENTRY--TOPICAL TERM
Topical term or geographic name entry element COOPERATIVAS
650 ## - SUBJECT ADDED ENTRY--TOPICAL TERM
Topical term or geographic name entry element INCAPACITADOS
650 ## - SUBJECT ADDED ENTRY--TOPICAL TERM
Topical term or geographic name entry element TRABAJO
942 ## - ADDED ENTRY ELEMENTS (KOHA)
Koha item type Libros
Existencias
Fecha de la última vez que lo usaron Pago total Signatura topográfica completa Código de barras Precio efectivo desde Tipo de documento Estado perdido Estado dañado No es para préstamo Retirado Ubicación permanente Ubicación actual Fecha de adquisición
15/05/2020   SC/362.4(042)/036 Bib-Lima15053157 15/05/2020 Libros         Biblioteca Central Lima Biblioteca Central Lima 15/05/2020